| 000 | 01413naa a22003857a 4500 | ||
|---|---|---|---|
| 001 | BR7406294 | ||
| 003 | BR-BrBNA | ||
| 005 | 20240918173704.0 | ||
| 007 | ta | ||
| 008 | 230509b bl.||||| |||| 00| 0 por d | ||
| 040 |
_aBR-BrBNA _bpor _cBiblioteca Nacional de Agricultura |
||
| 041 | _a(Pt) | ||
| 072 |
_aF25 _b2120 _b3801 _b3850 _bGZ74 |
||
| 090 | _aF25 BR7406294 | ||
| 100 | 1 | _aHara, T. | |
| 100 | 1 | _aGuimaraes, P.T.G. | |
| 100 | 1 | _aFreire, F.M. | |
| 100 | 1 | _aBahia, F.G.F.T.C. | |
| 100 | 1 | _aCarvalho, J.G. | |
| 100 | 1 | _aCarvalho, M.M. de | |
| 100 | 1 | _aSouza, S.P. de | |
| 100 | 1 | _aMendes, J.F. | |
| 100 | 1 | _aBraga, J.M. | |
| 111 | 1 |
_a2. Congresso Brasileiro sobre Pesquisas Cafeeiras _cPocos de Caldas, MG (Brazil) _d10 Sep 1974 |
|
| 245 | 1 | _aEnsaio de adubacao mineral e organica para a formacao de cafezais em solos sob vegetacao de cerrado | |
| 260 | 3 |
_aRio de Janeiro, GB (Brasil): _c1974. |
|
| 500 | _aResumos dos trabalhos apresentados no 2. Congresso Brasileiro sobre Pesquisas Cafeeiras Rio de Janeiro, GB (Brasil): 1974. p. 277-278 (BR7406294-AM)F25 | ||
| 650 | _aFERTILIZANTE | ||
| 650 | _aCAFE | ||
| 650 | _aADUBACAO | ||
| 650 | _aCERRADO | ||
| 773 | 0 |
_tResumos dos trabalhos apresentados no 2. Congresso Brasileiro sobre Pesquisas Cafeeiras _wF25 BR7406294 _gRio de Janeiro, GB (Brasil), 1974. p. 277-278 |
|
| 909 |
_a202404 _bLucia _c55 _dLucia Elande |
||
| 942 |
_cAM _2AGRIS |
||
| 999 |
_c306197 _d306197 |
||